000 00266nam a2200121Ia 4500
100 _aGerrard/Peter
942 _cBK
245 _aWill you still love me when i am 64
260 _bGerald Duckworth
_aLondon
_c1985
300 _a185
546 _aENGLISH
999 _c27067
_d27067